|
|
|
|
| LEADER |
00000nam2a2200000 4500 |
| 001 |
108428 |
| 005 |
20231031115629.0 |
| 010 |
|
|
|a 5900036030
|
| 035 |
|
|
|a (RuTPU)RU\TPU\book\117055
|
| 090 |
|
|
|a 108428
|
| 100 |
|
|
|a 20070119d1999 m y0rusy50 ca
|
| 101 |
0 |
|
|a rus
|
| 102 |
|
|
|a RU
|
| 105 |
|
|
|a a z 001zd
|
| 200 |
0 |
|
|a Кн. 1
|
| 210 |
|
|
|d 1999
|
| 215 |
|
|
|a 848 с.
|c ил.
|
| 320 |
|
|
|a Указатели: с. 831-843.
|
| 320 |
|
|
|a Список сокращений: с. 844-845.
|
| 330 |
|
|
|a Воспоминания принадлежат видному политическому деятелю СССР, занимавшему в течение десятилетий ведущие партийные и государственные посты в Москве, на Украине и в СССР. Период с 1953 по 1964 г. в истории СССР связан непосредственно с личностью первого секретаря ЦК и председателя Совета Министров СССР Н.С.Хрущева. Много лет работавший со Сталиным, хорошо знавший его, он первым решительно пошел на вскрытие тоталитаризма, разоблачение культа личности Сталина и его последствий, стремясь обновить коммунизм как идею. Н. С. Хрущев стал очевидцем и участником ряда крупных исторических событий, встречался со многими президентами и другими видными деятелями США, Китая, Великобритании, Франции, Германии, Индии, Египта, Польши, Венгрии, Болгарии и др., о чем интересно рассказывает в своих воспоминаниях.
|
| 461 |
|
1 |
|0 (RuTPU)RU\TPU\book\117410
|y 5-900036-04-9
|t Время. Люди. Власть
|o воспоминания: в 4 кн.
|f Н. С. Хрущев
|v Кн. 1
|d 1999
|
| 600 |
|
1 |
|a Хрущев
|g Никита Сергеевич
|b Н. С.
|f 1894-1971
|c российский политический и государственный деятель
|c в 1953-64 1-й секретарь ЦК КПСС
|2 stltpush
|3 (RuTPU)RU\TPU\pers\395
|
| 610 |
1 |
|
|a политические партии
|
| 610 |
1 |
|
|a КПСС
|
| 610 |
1 |
|
|a история
|
| 610 |
1 |
|
|a государственные деятели
|
| 610 |
1 |
|
|a политические деятели
|
| 610 |
1 |
|
|a 20 век
|
| 610 |
1 |
|
|a воспоминания
|
| 610 |
1 |
|
|a мемуары
|
| 610 |
1 |
|
|a СССР
|
| 610 |
1 |
|
|a Россия
|
| 686 |
|
|
|a Ф61(2)8
|v LBC/SL-A
|2 rubbk
|
| 801 |
|
1 |
|a RU
|b 63413507
|c 20070119
|g PSBO
|
| 801 |
|
2 |
|a RU
|b 63413507
|c 20070215
|g PSBO
|
| 942 |
|
|
|c BK
|